| 000 | 00325nam a22001217a 4500 | ||
|---|---|---|---|
| 020 | _a8185589461 | ||
| 082 |
_a551.49 _bRAM/SO |
||
| 100 |
_aRamachandra,T.V _9455 |
||
| 245 | _aSoil And Groundwater Pollution From Agricultural Activities | ||
| 260 |
_aNew Delhi _bCapital Publishing Company _c2006 |
||
| 300 | _a347 | ||
| 942 | _cBK | ||
| 999 |
_c14417 _d14417 |
||